| 000 | 00821nam a2200181Ia 4500 | ||
|---|---|---|---|
| 008 | 100921s9999 xx 000 0 und d | ||
| 082 |
_b22465 _a618.92 0 |
||
| 100 | _aआठलेकर ग.वि. | ||
| 245 | _aतुमच्या बाळाची काळजी कशी घ्याल ?. | ||
| 260 |
_bश्रीगजानन बुक डेपो.मुंबई. _c0 |
||
| 300 |
_a46 _b--- |
||
| 365 | _b9 | ||
| 520 | _aतंत्रविज्ञान-बालचिकित्सा. | ||
| 630 | _aतुमच्या बाळाची काळजी कशी घ्याल ?. | ||
| 650 | _aतंत्रविज्ञान-बालचिकित्सा. | ||
| 730 | _aतुमच्या बाळाची काळजी कशी घ्याल ?. | ||
| 942 | _cBOOK | ||
| 999 |
_c771578 _d771575 |
||